000 00673cam a2200241 4500
008 090401t1994 xxu||||| |||| 00| 0 eng d
020 _a0419192506
035 _a(Sirsi) u61197
041 _aeng
050 _a692.5
245 _aSpon`s budget estimating handbook
250 _a2nd ed.
260 _aLondon
_bE. and F.N. Spon
_c1994
300 _axvii,249p. ; 24cm.
350 _a35
520 _aSuperseded by "Spon's first stage estimating handbook" ISBN 0415234360.
650 _aBUDGETING
650 _aBUILT ENVIRONMENT-BUILDING COSTS
690 _aBUILT ENVIRONMENT-BUILDING COSTS
700 _aTweeds,
_xEditor
942 _n0
948 _c04/03/1997
999 _c94297
_d94297